000 00468nam a22001577a 4500
005 20140311163044.0
008 140109b xxu||||| |||| 00| 0 eng d
020 _a0801330866
050 _aPN 1009.A1
_b.R87 2001
100 _aRussell, David L.
245 _aLiterature for children :
_cDavid L. Russell.
_ba short introduction /
260 _aWhite Plains, N.Y. :
_bLongman,
_c2001.
300 _a300 p. :
_bill. ;
_c24 cm.
942 _2lcc
_cBK
_kFOR
999 _c39804
_d39804